000 00685 a2200217 4500
005 20250205074028.0
020 _a9780099595731
050 0 0 _aHQ 1208
_bBEA 2009
100 _aBeauvoir, Vintage DE
_eauthor
245 0 0 _aThe second sex /
_cVintage DE Beauvoir
264 1 _aNew York, NY :
_bRoutledge,
_c2023.
300 _a822 pages
336 _atext
_btxt
_2rdacontent
337 _aunmediated
_bn
_2rdamedia
338 _avolume
_bnc
_2rdacarrier
500 _aOriginally entered under: Simone de Beauvoir.
504 _aIncludes bibliographical references and index.
650 0 _aWomen.
942 _2lcc
_cBK
_h1208
_iBEA
_kHQ
999 _c11356
_d11356